Statistics for U.S. Presidents Who Were Lawyers

Click here to take the quiz!

General Stats

  • This quiz has been taken 167 times
    (95 since last reset)
  • The average score is 19 of 25

Answer Stats

President% Correct
Barack Obama
95%
Bill Clinton
94%
Abraham Lincoln
93%
Franklin D. Roosevelt
90%
Thomas Jefferson
90%
John Adams
89%
John Quincy Adams
89%
Joe Biden
87%
Gerald Ford
80%
Grover Cleveland
78%
James Monroe
78%
Andrew Jackson
77%
James Garfield
75%
William Taft
72%
Calvin Coolidge
71%
John Tyler
70%
Martin Van Buren
69%
Benjamin Harrison
66%
James K. Polk
66%
William McKinley
65%
Chester A. Arthur
64%
James Buchanan
64%
Rutherford B. Hayes
63%
Franklin Pierce
60%
Millard Fillmore
55%

Score Distribution

Percentile by Number Answered

Percent of People with Each Score

Your Score History

You have not taken this quiz since the last reset